| 000 | 01505nam a2200337Ia 4500 | ||
|---|---|---|---|
| 001 | 9780203076590 | ||
| 003 | BD-DhSAU | ||
| 005 | 20151012151719.0 | ||
| 006 | a|||||s||||||||||| | ||
| 007 | cr|||| | ||
| 008 | 130109r20131989enkad sb 001 0 eng d | ||
| 020 | _a9780203076590 (e-book : PDF) | ||
| 040 |
_aBD-DhSAU _cBD-DhSAU |
||
| 090 |
_aHG4027.5 _b.I58 2013 |
||
| 092 |
_a658.1599 _bI612 |
||
| 245 | 0 | 0 |
_aInternational corporate finance _h[electronic resource] : _bmarkets, transactions, and financial management / _cedited by Harvey A. Poniachek. |
| 260 |
_aAbingdon, Oxon : _bRoutledge, _c2013. |
||
| 300 |
_axxiv, 418 p. : _bill. |
||
| 490 | 0 |
_aRoutledge library editions. International business ; _vv. 31 |
|
| 500 | _aFirst published in 1989 by Unwin Hyman. | ||
| 504 | _aIncludes bibliographical references and index. | ||
| 505 | 0 | _apt. 1. Introduction -- pt. 2. International financial and capital markets -- pt. 3. International business and its financing -- pt. 4. International corporate financial management -- pt. 5. Utilizing currency swaps and options -- pt. 6. Summary and conclusion. | |
| 530 | _aAlso available in print edition. | ||
| 538 | _aMode of access: World Wide Web. | ||
| 650 | 0 |
_aInternational business enterprises _xFinance. |
|
| 650 | 0 | _aInternational finance. | |
| 655 | 7 |
_aElectronic books. _2lcsh |
|
| 700 | 1 | _aPoniachek, Harvey A. | |
| 776 | 1 |
_z9780415657709 _z9780415630092 (set) |
|
| 856 | 4 | 0 | _uhttp://www.tandfebooks.com/isbn/9780203076590 |
| 999 |
_c12558 _d12557 |
||